Philo in ten volumes and two supplementary volumes
Αποθηκεύτηκε σε:
| Κύριος συγγραφέας: | |
|---|---|
| Άλλοι συγγραφείς: | , |
| Μορφή: | Βιβλίο |
| Γλώσσα: | English |
| Δημοσίευση: |
Cambridge :
Harvard University Press,
1991
|
| Σειρά: | Loeb classical library ;
; 226, 227, 247, 261, 275, 289, 320, 341, 363, 379 |
| Θέματα: | |
| Ετικέτες: |
Προσθήκη ετικέτας
Δεν υπάρχουν, Καταχωρήστε ετικέτα πρώτοι!
|
MARC
| LEADER | 00000nam a2200000 i 4500 | ||
|---|---|---|---|
| 001 | 1/13356 | ||
| 008 | 980304s1991 eng d | ||
| 020 | |a 0-674-99249-0 | ||
| 020 | |a 0-674-99250-4 | ||
| 020 | |a 0-674-99272-5 | ||
| 020 | |a 0-674-99287-3 | ||
| 020 | |a 0-674-99303-9 | ||
| 020 | |a 0-674-99319-5 | ||
| 020 | |a 0-674-99353-5 | ||
| 020 | |a 0-674-99400-0 | ||
| 020 | |a 0-674-99400-0 | ||
| 020 | |a 0-674-99417-5 | ||
| 035 | |1 ΠΑΡ |a 1997 |l 10019010 | ||
| 040 | |a GR-MY-UA |b gre |e aacr | ||
| 041 | 0 | |a eng | |
| 082 | 0 | |a 180.938 | |
| 100 | 1 | |a Philo. | |
| 245 | 1 | 0 | |a Philo in ten volumes and two supplementary volumes / |c Philo ; with an english translation by F. H. Colson and G. H. Whitaker |
| 260 | |a Cambridge : |b Harvard University Press, |c 1991 | ||
| 300 | |a 10 v. | ||
| 490 | 1 | |a Loeb classical library |v ; 226, 227, 247, 261, 275, 289, 320, 341, 363, 379 | |
| 500 | |a Indices to volumes I-X J. W. Earp | ||
| 505 | 0 | |a Contents: vol.X. The embassy to Gaius | |
| 600 | 1 | 0 | |a Philo. |
| 650 | 0 | 0 | |a Philosophy, Ancient. |
| 700 | 1 | |a Colson, F. H. |q (Francis Henry) |d 1857-1943. |4 trl | |
| 700 | 1 | |a Whitaker, G. H. |c (George Herbert) |d 1846 or 7-1936. |4 trl | |
| 830 | 0 | |a Loeb classical library ; |v ; 226, 227, 247, 261, 275, 289, 320, 341, 363, 379 | |
| 852 | |a INST |b LESVOS |e 19980304 |h 180.938 PHI |p 005100014967 |q 005100014967 |t BK |y 0 |z τ.X | ||
| 852 | |a INST |b LESVOS |e 19980304 |h 180.938 PHI |p 005100014968 |q 005100014968 |t BK |y 0 |z τ.IX | ||
| 852 | |a INST |b LESVOS |e 19980304 |h 180.938 PHI |p 005100014969 |q 005100014969 |t BK |y 0 |z τ.VIII | ||
| 852 | |a INST |b LESVOS |e 19980304 |h 180.938 PHI |p 005100014970 |q 005100014970 |t BK |y 0 |z τ.VII | ||
| 852 | |a INST |b LESVOS |e 19980304 |h 180.938 PHI |p 005100014971 |q 005100014971 |t BK |y 0 |z τ.VI | ||
| 852 | |a INST |b LESVOS |e 19980304 |h 180.938 PHI |p 005100014972 |q 005100014972 |t BK |y 0 |z τ.V | ||
| 852 | |a INST |b LESVOS |e 19980304 |h 180.938 PHI |p 005100014973 |q 005100014973 |t BK |y 0 |z τ.IV | ||
| 852 | |a INST |b LESVOS |e 19980304 |h 180.938 PHI |p 005100014974 |q 005100014974 |t BK |y 0 |z τ.III | ||
| 852 | |a INST |b LESVOS |e 19980304 |h 180.938 PHI |p 005100014975 |q 005100014975 |t BK |y 0 |z τ.II | ||
| 852 | |a INST |b LESVOS |e 19980304 |h 180.938 PHI |p 005100014976 |q 005100014976 |t BK |y 0 |z τ.I | ||
| 852 | |a INST |b LESVOS |e 19980304 |h 180.938 PHI |p 005100014967 |q 005100014967 |t BK |v τ.X: |y 0 |z τ.X | ||
| 852 | |a INST |b LESVOS |e 19980304 |h 180.938 PHI |p 005100014968 |q 005100014968 |t BK |v τ.IX: |y 0 |z τ.IX | ||
| 852 | |a INST |b LESVOS |e 19980304 |h 180.938 PHI |p 005100014969 |q 005100014969 |t BK |v τ.VIII: |y 0 |z τ.VIII | ||
| 852 | |a INST |b LESVOS |e 19980304 |h 180.938 PHI |p 005100014970 |q 005100014970 |t BK |v τ.VII: |y 0 |z τ.VII | ||
| 852 | |a INST |b LESVOS |e 19980304 |h 180.938 PHI |p 005100014971 |q 005100014971 |t BK |v τ.VI: |y 0 |z τ.VI | ||
| 852 | |a INST |b LESVOS |e 19980304 |h 180.938 PHI |p 005100014972 |q 005100014972 |t BK |v τ.V: |y 0 |z τ.V | ||
| 852 | |a INST |b LESVOS |e 19980304 |h 180.938 PHI |p 005100014973 |q 005100014973 |t BK |v τ.IV: |y 0 |z τ.IV | ||
| 852 | |a INST |b LESVOS |e 19980304 |h 180.938 PHI |p 005100014974 |q 005100014974 |t BK |v τ.III: |y 0 |z τ.III | ||
| 852 | |a INST |b LESVOS |e 19980304 |h 180.938 PHI |p 005100014975 |q 005100014975 |t BK |v τ.II: |y 0 |z τ.II | ||
| 852 | |a INST |b LESVOS |e 19980304 |h 180.938 PHI |p 005100014976 |q 005100014976 |t BK |v τ.I: |y 0 |z τ.I | ||
| 853 | |a INST |b LESVOS |h 180.938 PHI | ||
| 909 | |a Λ |b 032994 | ||
| 909 | |a Λ |b 032995 | ||
| 909 | |a Λ |b 032996 | ||
| 909 | |a Λ |b 032997 | ||
| 909 | |a Λ |b 032998 | ||
| 909 | |a Λ |b 032999 | ||
| 909 | |a Λ |b 033000 | ||
| 909 | |a Λ |b 033001 | ||
| 909 | |a Λ |b 033002 | ||
| 909 | |a Λ |b 033003 | ||